00625nam a22002057a 450000500170000001000130001702000100003003500130004003700160005304000120006908200150008110000190009624500780011526000370019327000530023030000230028350000510030665000280035765000340038520170124110200.0 aA-226965 c00.00 aA-226965 bCen Lib/Ret aDPLbEN a025.4bRAJ aRaju, A. A. N. aDewey decimal classification and colon classification /cby A. A. N. Raju aDelhibAjanta Publicationsc1984 bDelhia1 U B Jawahar Nagar Bunglow Road e110007 ax,274p. c22cm(Hb) aIncludes bibliographical references and index  aColon classificationy  aClassification, Dewey decimal